[Event "Madrid-ch Previa A 2014-2015"]
[Site "Madrid ESP"]
[Date "2015.02.09"]
[Round "4.14"]
[White "Pana, Dorin"]
[Black "Rodriguez Bachiller, Luis"]
[Result "1-0"]
[WhiteElo "1943"]
[BlackElo "1714"]
[PlyCount "85"]
[EventDate "2015.02.02"]
[EventType "swiss"]
[EventRounds "9"]
[EventCountry "ESP"]
[Source "lmi"]
[SourceDate "2015.02.02"]

1. e4 e6 2. d4 d5 3. e5 c5 4. Bb5+ Bd7 5. Bxd7+ Qxd7 6. c3 Nc6 7. Nf3 cxd4 8.
cxd4 Bb4+ 9. Nbd2 Nge7 10. O-O Nf5 11. a3 Ba5 12. b4 Bb6 13. Nb3 Rc8 14. g4
Nfe7 15. Be3 a6 16. Qd2 Ba7 17. Rac1 O-O 18. Ng5 f6 19. exf6 Rxf6 20. f4 h6 21.
Nf3 e5 22. f5 exd4 23. Nbxd4 Nxd4 24. Rxc8+ Qxc8 25. Bxd4 Bxd4+ 26. Qxd4 Qc4
27. h3 Qxd4+ 28. Nxd4 Nc6 29. Rd1 Nxd4 30. Rxd4 Rd6 31. Kf2 Kf7 32. Kf3 Kf6 33.
Kf4 Rc6 34. h4 Rc4 35. g5+ hxg5+ 36. hxg5+ Ke7 37. Ke5 Rxd4 38. Kxd4 Kd6 39. a4
b6 40. b5 axb5 41. axb5 g6 42. fxg6 Ke6 43. g7 1-0

[Event "Madrid-ch Previa A 2014-2015"]
[Site "Madrid ESP"]
[Date "2015.02.09"]
[Round "4.15"]
[White "Leniz Martinez, Francisco"]
[Black "Morona Minguez, Miguel"]
[Result "0-1"]
[WhiteElo "1702"]
[BlackElo "1913"]
[PlyCount "76"]
[EventDate "2015.02.02"]
[EventType "swiss"]
[EventRounds "9"]
[EventCountry "ESP"]
[Source "lmi"]
[SourceDate "2015.02.02"]

1. d4 Nf6 2. Nf3 c5 3. e3 g6 4. Be2 Bg7 5. O-O O-O 6. Nbd2 d6 7. h3 b6 8. b3
Bb7 9. Bb2 Nbd7 10. c4 Qc7 11. d5 e6 12. e4 Nxe4 13. Bxg7 Nxd2 14. Qxd2 Kxg7
15. dxe6 fxe6 16. Nh2 Ne5 17. Rad1 Rad8 18. Qc3 Kg8 19. f4 Nc6 20. Bg4 Nd4 21.
Qe3 Rde8 22. Rd2 e5 23. fxe5 Rxf1+ 24. Nxf1 Rxe5 25. Qf2 Qe7 26. Qf4 Kg7 27.
Ng3 h5 28. Bd1 Rg5 29. h4 Re5 30. Kh2 Ne6 31. Qf2 Qxh4+ 32. Kg1 Qe7 33. Bf3
Bxf3 34. Qxf3 Nd4 35. Qf2 Re1+ 36. Nf1 Ne2+ 37. Kh2 Rxf1 38. Rxe2 Rxf2 0-1

[Event "Madrid-ch Previa A 2014-2015"]
[Site "Madrid ESP"]
[Date "2015.02.09"]
[Round "4.16"]
[White "Fernandez Rios, Jose Francisco"]
[Black "Vaquerizo Calvo, Miguel A"]
[Result "1-0"]
[WhiteElo "1715"]
[BlackElo "1844"]
[PlyCount "90"]
[EventDate "2015.02.02"]
[EventType "swiss"]
[EventRounds "9"]
[EventCountry "ESP"]
[Source "lmi"]
[SourceDate "2015.02.02"]

1. d4 c5 2. d5 Nf6 3. c4 b5 4. cxb5 a6 5. b6 d6 6. Nc3 Qxb6 7. e4 g6 8. Be2 Bg7
9. Nf3 Nbd7 10. O-O O-O 11. Nd2 Qd8 12. a4 Ne8 13. Nc4 Nb6 14. Ne3 Nc7 15. f4
Rb8 16. f5 Nd7 17. fxg6 hxg6 18. Ng4 Ne5 19. Nh6+ Kh7 20. Qd2 Ne8 21. Qf4 Nf6
22. Qh4 Bxh6 23. Bxh6 Rh8 24. Bf8+ Kg8 25. Bxe7 Qxe7 26. Qxf6 Qf8 27. Rab1 c4
28. Nd1 Bg4 29. Qf2 Qh6 30. h3 Bd7 31. Ne3 Rb3 32. Nxc4 Rxh3 33. gxh3 Bxh3 34.
Nxe5 Bf5 35. Bf3 Qg5+ 36. Qg2 Qe3+ 37. Rf2 Bh3 38. Ng4 Qf4 39. Qh2 Qg5 40. Qg3
Rh4 41. Rh2 Rxg4 42. Bxg4 Bxg4 43. Rg2 f5 44. exf5 gxf5 45. Re1 Qd2 1-0

[Event "Madrid-ch Previa A 2014-2015"]
[Site "Madrid ESP"]
[Date "2015.02.09"]
[Round "4.17"]
[White "Benitez Cadenas, Luis Miguel"]
[Black "Hernandez Garcia, Carlos"]
[Result "0-1"]
[WhiteElo "1703"]
[BlackElo "1838"]
[PlyCount "52"]
[EventDate "2015.02.02"]
[EventType "swiss"]
[EventRounds "9"]
[EventCountry "ESP"]
[Source "lmi"]
[SourceDate "2015.02.02"]

1. d4 Nf6 2. Nf3 g6 3. g3 Bg7 4. Bg2 d5 5. O-O O-O 6. Bf4 Nbd7 7. c4 dxc4 8. a4
Nd5 9. Bg5 h6 10. Bc1 N7f6 11. Qc2 Be6 12. Nbd2 Nb4 13. Qc3 Nfd5 14. Qxc4 a5
15. Ne4 Ne3 16. Qc3 Nxf1 17. Kxf1 Bf5 18. Nc5 Rb8 19. e4 Bg4 20. Be3 Qc8 21.
Ne5 Bxe5 22. dxe5 b6 23. Nb3 Kg7 24. Nd4 c5 25. Ne2 Qa6 26. f3 Be6 0-1

[Event "Madrid-ch Previa A 2014-2015"]
[Site "Madrid ESP"]
[Date "2015.02.09"]
[Round "4.18"]
[White "Villodre Miranda, Juan Alonso"]
[Black "Martin-Consuegra Barrilero, Ja"]
[Result "1/2-1/2"]
[WhiteElo "1683"]
[BlackElo "1801"]
[PlyCount "96"]
[EventDate "2015.02.02"]
[EventType "swiss"]
[EventRounds "9"]
[EventCountry "ESP"]
[Source "lmi"]
[SourceDate "2015.02.02"]

1. c4 d6 2. Nc3 e5 3. e4 Nf6 4. h3 c6 5. g3 Be7 6. Bg2 Be6 7. d3 a6 8. a4 d5 9.
cxd5 cxd5 10. f4 d4 11. Nce2 Nc6 12. f5 Bd7 13. Nf3 Qb6 14. O-O O-O 15. Kh2
Rac8 16. g4 Ne8 17. Nd2 Na5 18. Rb1 Qb4 19. b3 b5 20. Ra1 Nc6 21. Ba3 Qa5 22.
axb5 Qxb5 23. Nc4 Bxa3 24. Rxa3 f6 25. Qa1 Ra8 26. Nc1 Nb4 27. Rf2 Qb8 28. Bf1
Bb5 29. Na2 Nxa2 30. Rfxa2 Rf7 31. Ra5 Rfa7 32. Na3 Nd6 33. Nxb5 Nxb5 34. Rxa6
Qb7 35. Rxa7 Rxa7 36. Rxa7 Qxa7 37. Qxa7 Nxa7 38. b4 Kf8 39. Be2 Ke7 40. h4 h6
41. Kg3 Kd6 42. g5 hxg5 43. hxg5 Ke7 44. Kg4 Nb5 45. Bd1 Nd6 46. Bb3 Nc8 47.
Kh5 Kf8 48. b5 Nb6 1/2-1/2

[Event "Madrid-ch Previa A 2014-2015"]
[Site "Madrid ESP"]
[Date "2015.02.09"]
[Round "4.19"]
[White "Lopez Oneto, Manuel"]
[Black "Jara Sanchez, Carlos"]
[Result "1-0"]
[WhiteElo "1855"]
[BlackElo "1621"]
[PlyCount "37"]
[EventDate "2015.02.02"]
[EventType "swiss"]
[EventRounds "9"]
[EventCountry "ESP"]
[Source "lmi"]
[SourceDate "2015.02.02"]

1. e4 Nf6 2. e5 Nd5 3. d4 Nc6 4. Nf3 g6 5. Bc4 Nb6 6. Bb3 Bg7 7. c3 O-O 8. Bg5
d6 9. exd6 cxd6 10. O-O Bg4 11. Re1 Qc7 12. Qd3 e5 13. Nbd2 Rae8 14. Ne4 Nd7
15. Rac1 Bf5 16. Nh4 Bxe4 17. Qxe4 exd4 18. Bxf7+ Kxf7 19. Qd5+ 1-0

[Event "Madrid-ch Previa A 2014-2015"]
[Site "Madrid ESP"]
[Date "2015.02.09"]
[Round "4.20"]
[White "Martinez Miura, Enrique"]
[Black "Del Noval Nemeshazi, Nesztor"]
[Result "0-1"]
[WhiteElo "1732"]
[BlackElo "1616"]
[PlyCount "52"]
[EventDate "2015.02.02"]
[EventType "swiss"]
[EventRounds "9"]
[EventCountry "ESP"]
[Source "lmi"]
[SourceDate "2015.02.02"]

1. e4 e6 2. d4 d5 3. Nc3 Nf6 4. exd5 Nxd5 5. Nxd5 exd5 6. Nf3 Bf5 7. Be2 Bd6 8.
O-O O-O 9. Be3 c6 10. Rc1 Nd7 11. c4 Rc8 12. Qd2 Nf6 13. b4 Ne4 14. Qb2 Qe7 15.
a3 dxc4 16. Bxc4 a5 17. Rb1 axb4 18. axb4 Nf6 19. Ra1 b5 20. Be2 Nd5 21. Bg5 f6
22. Bh4 Bxb4 23. Ra6 Bc3 24. Qa2 Kh8 25. Ra7 Qe4 26. Rd1 Nb4 0-1

[Event "Madrid-ch Previa A 2014-2015"]
[Site "Madrid ESP"]
[Date "2015.02.09"]
[Round "4.23"]
[White "Jarne Ubieto, Francisco"]
[Black "Garcia Carbonell, Francisco"]
[Result "0-1"]
[WhiteElo "1325"]
[BlackElo "1658"]
[PlyCount "56"]
[EventDate "2015.02.02"]
[EventType "swiss"]
[EventRounds "9"]
[EventCountry "ESP"]
[Source "lmi"]
[SourceDate "2015.02.02"]

1. d4 f5 2. Nf3 d5 3. e3 e6 4. Bd3 Bd6 5. O-O Nf6 6. b3 O-O 7. Bb2 Bd7 8. Nbd2
Be8 9. Ne5 Nbd7 10. f4 Ne4 11. c4 c6 12. Rc1 Bb4 13. Nxe4 fxe4 14. Be2 Qa5 15.
a4 Bd2 16. Ba3 Bxe3+ 17. Kh1 Rxf4 18. Rc2 Nxe5 19. Rxf4 Bxf4 20. Qf1 Ng6 21.
Bh5 dxc4 22. Bxg6 Bxg6 23. Rf2 Bf5 24. Rxf4 cxb3 25. g4 g5 26. Rf2 e3 27. Rxf5
exf5 28. Qa1 Qd5+ 0-1

[Event "Madrid-ch Previa A 2014-2015"]
[Site "Madrid ESP"]
[Date "2015.02.09"]
[Round "4.24"]
[White "Beekhof Harmsen, Willen"]
[Black "Morona Calvo, Virgilio"]
[Result "1-0"]
[WhiteElo "1654"]
[BlackElo "1411"]
[PlyCount "45"]
[EventDate "2015.02.02"]
[EventType "swiss"]
[EventRounds "9"]
[EventCountry "ESP"]
[Source "lmi"]
[SourceDate "2015.02.02"]

1. d4 Nf6 2. Nf3 d5 3. e3 g6 4. Bd3 Bg7 5. O-O O-O 6. b3 Be6 7. Bb2 c6 8. Nbd2
Na6 9. a3 Nc7 10. c4 Rb8 11. Rc1 b6 12. Ne5 Bd7 13. Qc2 Nh5 14. Nxd7 Qxd7 15.
cxd5 c5 16. dxc5 bxc5 17. Bxg7 Kxg7 18. Qxc5 Rfc8 19. Qxa7 Ra8 20. Qd4+ Kg8 21.
Nc4 Qxd5 22. Nb6 Qxd4 23. exd4 1-0

[Event "Madrid-ch Previa A 2014-2015"]
[Site "Madrid ESP"]
[Date "2015.02.09"]
[Round "4.25"]
[White "Jarne Anguita, Miguel"]
[Black "Ramos Antona, Enrique"]
[Result "1-0"]
[WhiteElo "1431"]
[BlackElo "1630"]
[PlyCount "53"]
[EventDate "2015.02.02"]
[EventType "swiss"]
[EventRounds "9"]
[EventCountry "ESP"]
[Source "lmi"]
[SourceDate "2015.02.02"]

1. d4 d5 2. Nf3 c6 3. e3 Nf6 4. Nbd2 Nbd7 5. Bd3 e6 6. O-O Be7 7. b3 O-O 8. Bb2
h6 9. Ne5 Qc7 10. f4 c5 11. Kh1 b6 12. Rf3 Bb7 13. Rg3 Ne4 14. Bxe4 dxe4 15.
Nxd7 Qxd7 16. dxc5 f6 17. cxb6 axb6 18. Nc4 Qb5 19. Qg4 Rf7 20. Qxe6 Bc6 21. a4
Bd7 22. Qxf7+ Kxf7 23. axb5 Rc8 24. Ra7 Rd8 25. h3 Bxb5 26. Ba3 Re8 27. Nd6+
1-0

[Event "Madrid-ch Previa A 2014-2015"]
[Site "Madrid ESP"]
[Date "2015.02.09"]
[Round "4.26"]
[White "Torres Alvarez, Augusto"]
[Black "Greppi Gonzalez, Jose Luis"]
[Result "1-0"]
[WhiteElo "1505"]
[BlackElo "1546"]
[PlyCount "73"]
[EventDate "2015.02.02"]
[EventType "swiss"]
[EventRounds "9"]
[EventCountry "ESP"]
[Source "lmi"]
[SourceDate "2015.02.02"]

1. d4 d5 2. c4 dxc4 3. e3 e6 4. Nc3 a6 5. Bxc4 Be7 6. Nf3 f6 7. O-O b5 8. Bd3
Bb4 9. Qc2 Bxc3 10. Qxc3 Qd6 11. b3 Bb7 12. Be2 Ne7 13. Bb2 b4 14. Qc2 O-O 15.
Rac1 Bxf3 16. Bxf3 c6 17. Be4 f5 18. Bd3 Rf7 19. Bc4 Nd7 20. Qe2 a5 21. f3 Nf6
22. e4 Qd7 23. exf5 Nxf5 24. Bxe6 Nxd4 25. Bxf7+ Kxf7 26. Qc4+ Ne6 27. Bxf6
gxf6 28. Rfd1 Qa7+ 29. Kf1 c5 30. Rd6 Re8 31. Rcd1 Qb8 32. Qh4 Kg6 33. Qe4+ Kf7
34. Qxh7+ Ng7 35. Rd7+ Ke6 36. R1d6+ Ke5 37. Qe4# 1-0

[Event "Madrid-ch Previa A 2014-2015"]
[Site "Madrid ESP"]
[Date "2015.02.09"]
[Round "4.27"]
[White "Montejano Siguero, Sonia"]
[Black "Rufo Yebra, Benito"]
[Result "1-0"]
[WhiteElo "1521"]
[BlackElo "1484"]
[PlyCount "97"]
[EventDate "2015.02.02"]
[EventType "swiss"]
[EventRounds "9"]
[EventCountry "ESP"]
[Source "lmi"]
[SourceDate "2015.02.02"]

1. d4 e6 2. c4 Nf6 3. Nc3 d5 4. cxd5 exd5 5. Nf3 c6 6. Bg5 Bb4 7. e3 Be6 8. Qb3
Qe7 9. Bd3 h6 10. Bh4 Bd6 11. O-O-O a5 12. Bxf6 Qxf6 13. Qxb7 O-O 14. Qxa8 Bb4
15. a3 Bxc3 16. bxc3 Bg4 17. Be2 Qd8 18. Qb7 Bc8 19. Qxb8 Qe7 20. Qb2 Bf5 21.
Ne5 Qd6 22. Bd3 Rb8 23. Qc2 Qxa3+ 24. Kd2 Rb2 25. Bxf5 Rxc2+ 26. Bxc2 Qd6 27.
Ra1 Qc7 28. Rhb1 c5 29. Rb5 cxd4 30. exd4 g5 31. Rbxa5 Qb6 32. Nxf7 Qf6 33. Ke1
Qc6 34. Nxh6+ Kh8 35. Ra8+ Kg7 36. R1a7+ Kxh6 37. Ra6 Qxa6 38. Rxa6+ Kh5 39.
Bd1+ g4 40. Rd6 Kg5 41. Bxg4 Kf4 42. g3+ Kxg4 43. Rf6 Kh5 44. Rf8 Kg6 45. Rd8
Kf6 46. Rxd5 Kf7 47. Re5 Kf8 48. Re6 Kf7 49. d5 1-0

[Event "Madrid-ch Previa A 2014-2015"]
[Site "Madrid ESP"]
[Date "2015.02.10"]
[Round "5.1"]
[White "Corral Aragon, Juan Maria"]
[Black "Rueda Maria, Ramiro"]
[Result "0-1"]
[WhiteElo "1809"]
[BlackElo "1905"]
[PlyCount "24"]
[EventDate "2015.02.02"]
[EventType "swiss"]
[EventRounds "9"]
[EventCountry "ESP"]
[Source "lmi"]
[SourceDate "2015.02.02"]

1. e4 e5 2. Nf3 Nf6 3. Bc4 Bc5 4. O-O d6 5. d4 exd4 6. e5 dxe5 7. Nxe5 O-O 8.
c3 Nc6 9. Nxc6 bxc6 10. Qf3 Qe8 11. Bg5 Bg4 12. Qxc6 Qxc6 0-1

[Event "Madrid-ch Previa A 2014-2015"]
[Site "Madrid ESP"]
[Date "2015.02.10"]
[Round "5.2"]
[White "Martos De La Vega, Alvar"]
[Black "Saber, Salah"]
[Result "1-0"]
[WhiteElo "1933"]
[BlackElo "1866"]
[PlyCount "121"]
[EventDate "2015.02.02"]
[EventType "swiss"]
[EventRounds "9"]
[EventCountry "ESP"]
[Source "lmi"]
[SourceDate "2015.02.02"]

1. d4 Nf6 2. c4 d6 3. Nc3 g6 4. e4 Nbd7 5. Nf3 Bg7 6. Be2 O-O 7. O-O c5 8. d5
Ng4 9. Ne1 Nh6 10. Be3 f6 11. Qd2 Nf7 12. f4 Nb6 13. Rc1 f5 14. b3 fxe4 15.
Nxe4 Bf5 16. Ng5 Nxg5 17. fxg5 Qd7 18. Nd3 Rae8 19. Rxf5 Qxf5 20. Nf4 Qc8 21.
Ne6 Rf7 22. Bg4 Nd7 23. Bh3 Be5 24. Qa5 a6 25. Qc7 Nf8 26. Qa5 Nd7 27. b4 b6
28. Qa4 Rf5 29. bxc5 Nxc5 30. Bxc5 bxc5 31. Bxf5 gxf5 32. Qc2 Rf8 33. Nxf8 Qxf8
34. Rf1 f4 35. Qe4 Qg7 36. Qf5 Bd4+ 37. Kh1 Be5 38. Rb1 Qf7 39. Rb8+ Kg7 40.
Qxf7+ Kxf7 41. Ra8 Kg6 42. Rxa6 Kxg5 43. Ra7 Kf6 44. Kg1 h5 45. Kf2 e6 46. dxe6
Kxe6 47. Ra6 h4 48. h3 Kf5 49. Ke2 Ke4 50. Ra4 Kd4 51. Kd2 Ke4 52. Kc2 f3 53.
gxf3+ Kxf3 54. Ra3+ Kg2 55. Rd3 Bg3 56. a4 Kxh3 57. a5 Kg4 58. a6 h3 59. a7 d5
60. a8=Q dxc4 61. Rc3 1-0

[Event "Madrid-ch Previa A 2014-2015"]
[Site "Madrid ESP"]
[Date "2015.02.10"]
[Round "5.3"]
[White "Fernandez Garcia, Ignacio"]
[Black "Camacho Casado, Demetrio"]
[Result "1-0"]
[WhiteElo "1836"]
[BlackElo "1933"]
[PlyCount "133"]
[EventDate "2015.02.02"]
[EventType "swiss"]
[EventRounds "9"]
[EventCountry "ESP"]
[Source "lmi"]
[SourceDate "2015.02.02"]

1. e4 e6 2. d4 d5 3. e5 c5 4. c3 Nc6 5. Nf3 Qb6 6. Bd3 Bd7 7. dxc5 Bxc5 8. O-O
a5 9. Qe2 Nge7 10. Bf4 Ng6 11. Bg3 a4 12. Nbd2 Nce7 13. b4 axb3 14. axb3 Rxa1
15. Rxa1 Nc8 16. c4 O-O 17. cxd5 exd5 18. h3 Nce7 19. b4 Bxb4 20. Rb1 Nc6 21.
Ng5 Qd8 22. Qh5 h6 23. Nxf7 Rxf7 24. Bxg6 Rf8 25. Nf3 Be8 26. Nh4 Bxg6 27. Nxg6
Re8 28. f4 b6 29. Qg4 Qc8 30. f5 Bc5+ 31. Kh1 Ne7 32. Nxe7+ Rxe7 33. e6 Qf8 34.
Bh4 g5 35. Bg3 Qf6 36. Re1 Bd4 37. Qf3 Bc3 38. Rb1 Qd4 39. Bd6 Re8 40. Qh5 Ra8
41. Rd1 Qxd1+ 42. Qxd1 Ra1 43. Qxa1 Bxa1 44. g4 Kg7 45. Be7 Bf6 46. Bd6 Bc3 47.
Kg2 b5 48. Kf3 b4 49. Ke3 b3 50. Kd3 Ba1 51. Bc5 Be5 52. Bb4 Kg8 53. Be7 Kg7
54. Kd2 Bb2 55. Bb4 Kg8 56. Bc3 Ba3 57. f6 Bc5 58. Bb2 d4 59. Kd3 Bb6 60. Kc4
Ba7 61. Kxb3 d3 62. Be5 Bc5 63. Bc3 Bd6 64. Kb2 Bc5 65. Kc1 Bd6 66. Kd2 Kf8 67.
Kxd3 1-0

[Event "Madrid-ch Previa A 2014-2015"]
[Site "Madrid ESP"]
[Date "2015.02.10"]
[Round "5.4"]
[White "Lopez Heras, Arturo"]
[Black "Cano Mercado, Francisco Manuel"]
[Result "0-1"]
[WhiteElo "1866"]
[BlackElo "1886"]
[PlyCount "144"]
[EventDate "2015.02.02"]
[EventType "swiss"]
[EventRounds "9"]
[EventCountry "ESP"]
[Source "lmi"]
[SourceDate "2015.02.02"]

1. d4 Nf6 2. c4 e6 3. e3 d5 4. Bd3 dxc4 5. Bxc4 Nbd7 6. Nf3 Be7 7. O-O O-O 8.
Nc3 a6 9. a3 b5 10. Bd3 Bb7 11. e4 c5 12. e5 Nd5 13. Re1 cxd4 14. Ne4 h6 15.
Ng3 Nc5 16. Bb1 d3 17. Qd2 a5 18. Ne4 Nxe4 19. Rxe4 Nc3 20. Rg4 Ne2+ 21. Kf1
Bxf3 22. gxf3 Bg5 23. f4 Nxc1 24. Qxc1 d2 25. Qd1 Be7 26. Be4 Rc8 27. Rg3 Qd4
28. Bf3 Qxf4 29. Rg4 Qxe5 30. Qxd2 Bg5 31. Qe2 Qxh2 32. Bg2 Qb8 33. Qe4 Rc4 34.
Qe2 Rxg4 35. Qxg4 Rc8 36. Qe2 Qb6 37. Rd1 Qc5 38. Be4 Qc4 39. Bd3 Qh4 40. Be4
Qf4 41. Kg2 Rc4 42. Bf3 g6 43. Rd7 Rc7 44. Qxb5 Rxd7 45. Qxd7 Qe5 46. b4 axb4
47. axb4 Bf4 48. b5 Qd6 49. Qb7 Qc7 50. Qa6 Kg7 51. b6 Qd6 52. Qa7 h5 53. b7
Qd8 54. Qa1+ Kg8 55. Qa8 Bb8 56. Qa4 Qc7 57. Qh4 Kg7 58. Qd4+ Qe5 59. Qd8 Qh2+
60. Kf1 Qh3+ 61. Ke2 Qh2 62. Kf1 Qc7 63. Qd4+ e5 64. Qd5 h4 65. Kg2 Qe7 66. Qc4
f5 67. Qc8 Qc7 68. Bd5 e4 69. Qg8+ Kh6 70. Bf7 Qd6 71. Kf1 Qd3+ 72. Kg2 h3+ 0-1

[Event "Madrid-ch Previa A 2014-2015"]
[Site "Madrid ESP"]
[Date "2015.02.10"]
[Round "5.5"]
[White "Perea Blanco, David"]
[Black "Camarero Izquierdo, Juan Carlo"]
[Result "1-0"]
[WhiteElo "1876"]
[BlackElo "1875"]
[PlyCount "116"]
[EventDate "2015.02.02"]
[EventType "swiss"]
[EventRounds "9"]
[EventCountry "ESP"]
[Source "lmi"]
[SourceDate "2015.02.02"]

1. d4 f5 2. e4 d6 3. Bd3 fxe4 4. Bxe4 Nf6 5. Bd3 Nc6 6. d5 Ne5 7. c4 e6 8. Nc3
Qe7 9. Nge2 exd5 10. cxd5 Nfg4 11. Bf4 Nxd3+ 12. Qxd3 Ne5 13. Qb5+ c6 14. dxc6
bxc6 15. Qa4 Nd3+ 16. Kd2 Nxf4 17. Qxc6+ Qd7 18. Qxa8 Nxe2 19. Rhe1 Be7 20.
Rxe2 O-O 21. Qd5+ Kh8 22. Rae1 Bf6 23. Ne4 Be5 24. Kc1 Ba6 25. Rc2 Bb7 26. Nc5
Qf5 27. Qxb7 dxc5 28. Qe4 Qg5+ 29. Kb1 Bd4 30. f4 Qd8 31. g4 h6 32. Qg6 Qb8 33.
Re4 Qb5 34. Rd2 Rd8 35. Rde2 a5 36. g5 hxg5 37. Qxg5 Rb8 38. Qh5+ Kg8 39. Rxd4
cxd4 40. Qxb5 Rxb5 41. Kc2 a4 42. a3 Rb3 43. Rd2 Rh3 44. Rxd4 Rxh2+ 45. Kb1 Kf7
46. Rxa4 Ke6 47. Rb4 Kf5 48. a4 Rh4 49. a5 g5 50. a6 Rh7 51. Rb7 Rh6 52. a7 Ra6
53. fxg5 Kxg5 54. b4 Kf4 55. b5 Ra5 56. Kb2 Ke4 57. Kb3 Ra1 58. Rd7 Ke5 1-0

[Event "Madrid-ch Previa A 2014-2015"]
[Site "Madrid ESP"]
[Date "2015.02.10"]
[Round "5.6"]
[White "Morona Minguez, Miguel"]
[Black "Osorio Ramos, Francisco"]
[Result "1/2-1/2"]
[WhiteElo "1913"]
[BlackElo "1761"]
[PlyCount "67"]
[EventDate "2015.02.02"]
[EventType "swiss"]
[EventRounds "9"]
[EventCountry "ESP"]
[Source "lmi"]
[SourceDate "2015.02.02"]

1. e4 d6 2. d4 Nf6 3. Nc3 Nbd7 4. Nf3 e5 5. dxe5 dxe5 6. Bc4 Be7 7. O-O O-O 8.
Re1 c6 9. a4 Qc7 10. Be3 h6 11. Nd2 Re8 12. Nb3 b6 13. f3 Nf8 14. Ne2 Be6 15.
Bxe6 Nxe6 16. Ng3 Rad8 17. Qe2 Nf4 18. Qc4 Bf8 19. Rad1 g6 20. Nc1 Kh7 21. Nd3
Nxd3 22. cxd3 c5 23. Ne2 Rc8 24. Rc1 Qd7 25. Nc3 Red8 26. Red1 Kg7 27. g4 g5
28. Rc2 Be7 29. Ne2 Qe6 30. Qxe6 fxe6 31. Kf2 Kg6 32. Nc3 Rd7 33. Nb5 Rcd8 34.
Ke2 1/2-1/2

[Event "Madrid-ch Previa A 2014-2015"]
[Site "Madrid ESP"]
[Date "2015.02.10"]
[Round "5.7"]
[White "Boni De Aristizabal, Marco"]
[Black "Pana, Dorin"]
[Result "0-1"]
[WhiteElo "1723"]
[BlackElo "1943"]
[PlyCount "72"]
[EventDate "2015.02.02"]
[EventType "swiss"]
[EventRounds "9"]
[EventCountry "ESP"]
[Source "lmi"]
[SourceDate "2015.02.02"]

1. e4 c5 2. c3 Nc6 3. Nf3 e6 4. d4 cxd4 5. cxd4 Nf6 6. e5 Nd5 7. Bc4 Nb6 8. Bb3
d5 9. O-O Be7 10. Nc3 O-O 11. Be3 Bd7 12. Rc1 Rc8 13. Qe2 Na5 14. Bc2 Nbc4 15.
Bb1 Qb6 16. b3 Nxe3 17. Qxe3 Rc7 18. Ne2 Rfc8 19. Rxc7 Rxc7 20. Rc1 Bb5 21.
Rxc7 Qxc7 22. Qc3 Nc6 23. Qc2 g6 24. Nc3 Qb6 25. Nxb5 Qxb5 26. Qd3 Qb4 27. Kf1
Bd8 28. Ke2 Bb6 29. Ke3 Nxd4 30. Nxd4 Bxd4+ 31. Qxd4 Qe1+ 32. Kf3 Qxb1 33. Qe3
Qxa2 34. Qc3 Qa6 35. Qc8+ Kg7 36. Qd8 Qd3+ 0-1

[Event "Madrid-ch Previa A 2014-2015"]
[Site "Madrid ESP"]
[Date "2015.02.10"]
[Round "5.8"]
[White "Santamaria Baeza, Adolfo"]
[Black "Fernandez Rios, Jose Francisco"]
[Result "1-0"]
[WhiteElo "1892"]
[BlackElo "1715"]
[PlyCount "37"]
[EventDate "2015.02.02"]
[EventType "swiss"]
[EventRounds "9"]
[EventCountry "ESP"]
[Source "lmi"]
[SourceDate "2015.02.02"]

1. e4 c5 2. Nf3 g6 3. d4 cxd4 4. Qxd4 Nf6 5. e5 Nc6 6. Qh4 Nxe5 7. Be2 Nxf3+ 8.
Bxf3 Qa5+ 9. Nc3 Bg7 10. O-O O-O 11. Bg5 d6 12. Rfe1 Be6 13. a4 Rab8 14. Nb5 a6
15. Nd4 Bd5 16. Rxe7 Bxf3 17. Bxf6 Bc6 18. Bxg7 Kxg7 19. Ne6+ 1-0

[Event "Madrid-ch Previa A 2014-2015"]
[Site "Madrid ESP"]
[Date "2015.02.10"]
[Round "5.9"]
[White "Fernandez Aransay, Fernando"]
[Black "Lopez Peral, Enrique"]
[Result "1-0"]
[WhiteElo "1869"]
[BlackElo "1837"]
[PlyCount "75"]
[EventDate "2015.02.02"]
[EventType "swiss"]
[EventRounds "9"]
[EventCountry "ESP"]
[Source "lmi"]
[SourceDate "2015.02.02"]

1. e4 e5 2. Nf3 Nf6 3. Nxe5 d6 4. Nf3 Nxe4 5. d3 Nf6 6. d4 d5 7. c4 Bb4+ 8. Nc3
c6 9. Qb3 Qb6 10. Bd3 Bxc3+ 11. bxc3 Qxb3 12. axb3 Ne4 13. O-O O-O 14. Ng5 Bf5
15. cxd5 cxd5 16. Nxe4 Bxe4 17. Bxe4 dxe4 18. d5 Nd7 19. Be3 a6 20. Bd4 Rac8
21. Rfc1 Nc5 22. Bxc5 Rxc5 23. c4 Rfc8 24. Rd1 Kf8 25. Rd4 f5 26. Kf1 Ke7 27.
Ke2 Kd6 28. f3 exf3+ 29. Kxf3 Ke5 30. Rd2 Kf6 31. Re1 Kf7 32. Rde2 b5 33. Re7+
Kf8 34. d6 bxc4 35. bxc4 Rxc4 36. d7 Rc3+ 37. Kf2 Rc2+ 38. Kf1 1-0

[Event "Madrid-ch Previa A 2014-2015"]
[Site "Madrid ESP"]
[Date "2015.02.10"]
[Round "5.10"]
[White "Jimenez Gonzalez, Marcos"]
[Black "Roldan Garcia, Angel"]
[Result "1/2-1/2"]
[WhiteElo "1856"]
[BlackElo "1824"]
[PlyCount "55"]
[EventDate "2015.02.02"]
[EventType "swiss"]
[EventRounds "9"]
[EventCountry "ESP"]
[Source "lmi"]
[SourceDate "2015.02.02"]

1. d4 Nf6 2. c4 g6 3. g3 Bg7 4. Bg2 O-O 5. Nc3 d6 6. Nf3 Nbd7 7. O-O e5 8. e4
exd4 9. Nxd4 Re8 10. Re1 a6 11. Nb3 Ne5 12. c5 dxc5 13. Nxc5 Qe7 14. Nb3 c6 15.
f3 Rd8 16. Qe2 Nd3 17. Rd1 Nxc1 18. Raxc1 Be6 19. Qe3 Bxb3 20. axb3 Rxd1+ 21.
Rxd1 Rd8 22. Rxd8+ Qxd8 23. Bh3 Ng4 24. Qe2 Qb6+ 25. Kg2 Ne3+ 26. Kh1 Bd4 27.
Qd3 Qb4 28. e5 1/2-1/2

[Event "Madrid-ch Previa A 2014-2015"]
[Site "Madrid ESP"]
[Date "2015.02.10"]
[Round "5.12"]
[White "Hernandez Garcia, Carlos"]
[Black "Dominguez Afonso, Ayraldo"]
[Result "0-1"]
[WhiteElo "1838"]
[BlackElo "1574"]
[PlyCount "176"]
[EventDate "2015.02.02"]
[EventType "swiss"]
[EventRounds "9"]
[EventCountry "ESP"]
[Source "lmi"]
[SourceDate "2015.02.02"]

1. e4 e6 2. d4 d5 3. Nd2 Nf6 4. e5 Nfd7 5. Qg4 c5 6. c3 Nc6 7. a3 Qb6 8. Ngf3
cxd4 9. cxd4 g6 10. Bd3 Ne7 11. O-O Nf5 12. Bxf5 exf5 13. Qh4 Be7 14. Qh6 Bf8
15. Qe3 Nb8 16. b4 Nc6 17. Nb3 Be6 18. Nc5 h6 19. Bb2 O-O-O 20. Qc3 Kb8 21.
Rfc1 Be7 22. Qd3 g5 23. Nd2 Rdg8 24. Ndb3 Rc8 25. Bc3 f4 26. b5 Nxe5 27. dxe5
Bxc5 28. Qd2 Qd8 29. Ba5 Qe7 30. Nxc5 Rxc5 31. Bb4 Rxc1+ 32. Rxc1 Qd7 33. Bd6+
Ka8 34. Rc7 Rc8 35. Qc2 Rxc7 36. Qxc7 Qxc7 37. Bxc7 b6 38. Kf1 Kb7 39. Bd6 d4
40. Bf8 h5 41. Bh6 g4 42. Bxf4 Bc4+ 43. Ke1 Bxb5 44. Kd2 Kc6 45. Bg5 Kd5 46.
Bf6 Kc4 47. f4 gxf3 48. gxf3 Bd7 49. h4 b5 50. Be7 a5 51. Bd8 b4 52. axb4 axb4
53. Be7 Bc6 54. f4 Be4 55. Kc1 Kc3 56. Bc5 d3 57. Be3 Kb3 58. Bd2 Ka3 59. Kb1
Bd5 60. Bc1+ Kb3 61. Bd2 Bf3 62. Be1 Bd1 63. Bd2 Bc2+ 64. Ka1 Ka3 65. Bc1+ Kb3
66. Bd2 Kc4 67. f5 Kd5 68. e6 f6 69. Bxb4 Ke4 70. e7 Ba4 71. Bc3 Kxf5 72. Kb2
Ke6 73. Bb4 f5 74. Kc3 Bb5 75. Kd4 Kf6 76. Ke3 Ke5 77. Bc3+ Kd5 78. Kf4 Kc4 79.
Bd2 Kb3 80. Ke3 Kc2 81. Bb4 f4+ 82. Kxf4 d2 83. Bxd2 Kxd2 84. Kg5 Be8 85. Kf4
Kd3 86. Kf5 Kd4 87. Kf6 Ke4 88. Kg5 Kf3 0-1